Mangakas du Weekly Shōnen Jump par avatar - Statistiques

Statistiques générales
  • Ce quiz a été pris 24 fois
  • Le résultat moyen est 3 sur 20
Statistiques - réponses
Par images Réponse % Correct
Eiichirō Oda
95%
Gege Akutami
47%
Boichi
32%
Kōhei Horikoshi
16%
Koyoharu Gotōge
16%
Masashi Kishimoto
11%
Riichiro Inagaki
5%
Tadatoshi Fujimaki
5%
Taishi Tsutsui
5%
Takeru Hokazono
5%
Tatsuki Fujimoto
5%
Yuki Tabata
5%
Yusei Matsui
5%
Yuto Suzuki
5%
Haruichi Furudate
0%
Hiroshi Shiibashi
0%
Kaiu Shirai
0%
Posuka Demizu
0%
Shiro Usazaki
0%
Takeshi Obata
0%
Aucun quiz correspondant
Distribution des résultats
% des personnes avec chaque résultat
Percentile par nombre de réponses
Votre historique - résultats
Vous n’avez pas pris ce quiz